Schnelle Mathematik - Addition Level 16 - Statistiken

Allgemein
  • Dieses Quiz wurde 126 mal gespielt
  • Das Durchschnittsergebnis liegt bei 40 aus 60
Antwortstatistiken
Frage Antwort % Korrekt
5+2 7
76%
5+4 9
76%
4+0 4
75%
1+7 8
74%
6+3 9
74%
2+8 10
73%
0+8 8
73%
4+6 10
72%
1+6 7
72%
9+1 10
71%
0+3 3
71%
3+1 4
71%
0+5 5
71%
4+1 5
71%
6+0 6
71%
5+3 8
71%
0+4 4
70%
2+5 7
70%
7+1 8
70%
0+1 1
69%
3+0 3
69%
1+4 5
69%
4+4 8
69%
1+1 2
68%
1+8 9
68%
0+10 10
67%
3+5 8
67%
1+0 1
66%
6+4 10
66%
8+2 10
66%
2+3 5
66%
3+3 6
66%
4+2 6
66%
5+1 6
66%
6+2 8
66%
0+9 9
66%
2+7 9
66%
8+1 9
66%
0+0 0
65%
10+0 10
65%
0+2 2
65%
1+2 3
65%
1+3 4
65%
3+4 7
65%
9+0 9
65%
2+1 3
64%
2+4 6
64%
6+1 7
64%
4+5 9
64%
0+7 7
63%
3+6 9
63%
5+5 10
62%
0+6 6
62%
3+2 5
61%
4+3 7
61%
2+0 2
60%
2+2 4
60%
7+0 7
60%
7+2 9
60%
1+9 10
59%
5+0 5
58%
1+5 6
58%
8+0 8
58%
7+3 10
57%
2+6 8
56%
3+7 10
53%
Keine übereinstimmenden Quizze gefunden
Verteilung der Resultate
Anzahl Personen mit jedem Resultat
Perzentil nach korrekt beantworteten Fragen
Ihre Resultats-Entwicklung
Sie haben dieses Quiz noch nicht gespielt